000003551 001__ 3551 000003551 005__ 20251001112447.0 000003551 008__ 090625s1654 sp d 000 0 spa dnam a 000003551 040__ $$aUZ.GRL 000003551 041__ $$aspa 000003551 1001_ $$aNavarro, José 000003551 245__ $$aPoesías varias de Iosef Navarro.. 000003551 260__ $$aEn Zaragoça :$$ben la imprenta de Miguel de Luna, impressor de la ciudad y del hospital R. y G. de N. S. de Gracia..., 1654 000003551 300__ $$a[12], 269 p. ;$$c21 cm 000003551 538__ $$aTexto completo System requirements: PC, World Wide Web Browser and DJVU reader 000003551 538__ $$aTexto completo Available electronically via Internet 000003551 540__ $$9info:eu-repo/semantics/openAccess$$aby$$uhttps://creativecommons.org/licenses/by/4.0/deed.es 000003551 700__ $$aLuna, Miguel de$$eimp. 000003551 752__ $$aEspaña 000003551 8564_ $$s16955138$$uhttps://zaguan.unizar.es/record/3551/files/D_32_31.djvu$$zTexto completo 000003551 907__ $$a.b1545160 000003551 909CO $$ooai:zaguan.unizar.es:3551$$pdriver$$pfondo-historico 000003551 980__ $$aFH$$bfondos